000
003060000a22001090004500
100
1
_a
Marshall, Mandy
245
1
0
_a
Cómo disciplinar a los niños
300
_a
Vol.0, núm.72 (Noviembre, 2007), Páginas 14-15
500
_a
Disciplina positiva, valorar a los niños,
773
0
_t
Paso a Paso
942
_c
ANA
999
_c
62494
_d
62494